LEADER 00716nam a2200205 i 4500 001 000000170057 003 CaOOAMICUS 005 20251107121103.0 008 090727s1866 it u000 u ita u 013 $a147463 040 $aSeMil$bita 245 10$aParte seconda. 300 $a295 p. 500 $aRilegato in unico vol. con la Parte 1. 773 0 $aBresciani, Antonio $tRepubblica Romana e Lionello.$dTorino : Pietro di G. Marietti Tip. Pontificio, 1866.$g2$w()21770 850 $aSeMil 852 $aSeMil$W1$xVenegono$y1$m1P VI 21 FA$j120955$B120955$CSeMilBibl$Z2$F143428 $8I 961 $aRecupero: Altro 996 $6245$aParte seconda$9(OLS)http://semarc/title/101303 LEADER 01260nam a2200301 i 4500 001 000000044099 003 CaOOAMICUS 005 20110412000000.0 008 110412s1962 it u000 u ita u 013 $a15269 040 $aSeMil$bita 100 1 $aTyrrel, G.W.$0(OLS)http://semarc/name/21919 240 14$aThe Earth and its Mysteries.$0(OLS)http://semarc/title/65066 245 13$aLa terra e i suoi misteri /$cdi G. W. Tyrrel ; a cura di Alfredo Pollini e con una appendice di Riccardo Biella. 250 $a2. ed. 260 $aMilano :$bFeltrinelli,$c1962. 300 $a323 p., [5] p. di tav. :$bill. ;$c18 cm. 490 0 $aUniversale economica ;$v226 500 $aContiene : Appendice. 650 4$aGeologia.$0(OLS)http://semarc/subject/5966 700 1 $aBiella, Riccardo.$0(OLS)http://semarc/name/21921 700 1 $aPollini, Alfredo.$0(OLS)http://semarc/name/21920 830 0$aUniversale economica ;$v226.$0(OLS)http://semarc/title/11224 850 $aSeMil 852 $aSeMil$W1$xVenegono$y1$m3XD I 20$j10254$B10254$CSeMilBibl$Z2$F10254 $81 961 $aOmaggio: Monti don Eros 996 $6245$aLa terra e i suoi misteri$9(OLS)http://semarc/title/65065 996 $6260$aMilano :$bFeltrinelli$9(OLS)http://semarc/publisher/30237